Bandmitglieder Quiz - International 3 - Statistiken

Allgemein
  • Dieses Quiz wurde 399 mal gespielt
  • Das Durchschnittsergebnis liegt bei 7 aus 22
Antwortstatistiken
Mitglieder Band % Korrekt
Osbourne, Iommi, Butler, Ward Black Sabbath
70%
Timberlake, Kirkpatrick, Fatone, Bass, Chasez 'N Sync
59%
Knopfler, Knopfler, Illsley, Clark, Fletcher Dire Straits
54%
Barlow, Williams, Orange, Donald, Owen Take That
52%
Kilmister, Campbell, Dee Motörhead
48%
Kiedis, Flea, Frusciante, Smith Red Hot Chili Peppers
44%
Tyler, Perry, Hamilton, Whitford, Kramer Aerosmith
43%
Morrison, Krieger, Manzarek, Densmore The Doors
41%
Lennox, Stewart Eurythmics
37%
Rotten, Jones, Cook, Vicious, Matlock Sex Pistols
36%
Daltry, Townshend, Moon, Entwistle The Who
35%
Martin, Champion, Buckland, Berryman Coldplay
33%
Michael, Ridgeley Wham!
33%
Armstrong, Dirnt, Cool Green Day
28%
Fogerty, Fogerty, Cook, Clifford Creedence Clearwater Revival
25%
Wahlberg, Wood, McIntyre, Knight, Knight New Kids on the Block
22%
Le Bon, Taylor, Taylor, Rhodes Duran Duran
17%
Tedder, Filkins, Fisher, Kutzle, Brown, Willett OneRepublic
17%
Mike D, MCA, Ad-Rock Beastie Boys
13%
Lukather, Kimball, Williams, Porcaro, Porcaro, Paich, Hungate Toto
13%
Farrell, Mitchell, Barrett, Williams, Tsiboe Boney M.
7%
Buchanan, Buena, Range Sugababes
6%
Keine übereinstimmenden Quizze gefunden
Verteilung der Resultate
Anzahl Personen mit jedem Resultat
Perzentil nach korrekt beantworteten Fragen
Ihre Resultats-Entwicklung
Sie haben dieses Quiz noch nicht gespielt